Fyzika část 1: Mechanika. Vysokoškolská učebnice obecné fyziky

Enregistré dans:
Détails bibliographiques
Auteur principal: Halliday, David
Autres auteurs: Resnick, Robert, Walker, Jearl
Format: Livre
Langue:tchèque
Publié: Brno VUTIUM 2000
Édition:6. vyd.
Sujets:
Accès en ligne:Voir à l'OPAC
Tags: Ajouter un tag
Pas de tags, Soyez le premier à ajouter un tag!

MARC

LEADER 00000nam a2200000 a 4500
005 20260127134210.0
008 060420 2000 xr 000 0 cze d
020 |a 8021418680 
035 |a vtls008692203 
039 9 |a 200604201211  |b mschk03  |y 200604201202  |z mschk03 
040 |a STUSCHK1  |b slo  |c STUSCHK1  |e AACR2 
080 |a 53 
100 1 |a Halliday, David 
245 1 |a Fyzika  |b část 1: Mechanika. Vysokoškolská učebnice obecné fyziky 
250 |a 6. vyd. 
260 |a Brno  |b VUTIUM  |c 2000 
300 |a 328 s.,príl.; 1 část 
500 |a část 1. Mechanika 
650 0 |a fyzika 
700 1 |a Resnick, Robert 
700 1 |a Walker, Jearl 
910 |a SCHK95 
919 |a 80-214-1868-0 
999 |c 6480  |d 6480